Memoria del Jefe de Estado Mayor del Ejército de Operaciones en la Campaña a Lima. Anexo a la memoria de Guerra

Salvato in:
Dettagli Bibliografici
Natura: Libro
Lingua:spagnolo
Pubblicazione: Santiago Establecimiento tipográfico de La Epoca, segunda galería San Carlos, 25 1882
Edizione:1a. ed
Soggetti:
Tags: Aggiungi Tag
Nessun Tag, puoi essere il primo ad aggiungerne!!

MARC

LEADER 00000nam a2200000 a 4500
001 UCJ4756
003 CL-VaPUC
008 070124e18820000CL |||||||||||||||||spa|d
082 0 4 |a 351.05  |b MEM  |2 21 
245 1 0 |a Memoria del Jefe de Estado Mayor del Ejército de Operaciones en la Campaña a Lima. Anexo a la memoria de Guerra 
250 |a 1a. ed 
300 |a 217 p 
942 |c BK 
945 |d 20070124 00:00:00  |a rinostro 
260 |a Santiago  |b Establecimiento tipográfico de La Epoca, segunda galería San Carlos, 25  |c 1882 
500 |a Contien: p. 140, Croquis de los caminos a Chorrillos i Lima; fuera de texto, Ejército Espedicionario del Norte, Estado que manifiesta el número de Jefes, Oficiales e individuos de tropa, muertos i heridos en las batallas de Chorrillos i Miraflores, los días 13 i 15 de 1881. Empastada junto a otras monografías en un volumen rotulado Guerra 1866, 1883 
650 7 |a MEMORIAS MINISTERIALES  |2 CL-VaPUC  |9 396559 
650 0 |a Guerra del Pacífico  |9 314886 
650 0 |a Operaciones militares  |9 372045 
650 7 |a CAMPAÑA DE LIMA  |2 CL-VaPUC  |9 509009 
650 0 |a Fuentes Históricas  |9 265141 
583 |a last modification  |c 20141106 02:19:33  |k Rodrigo Vera 
999 |c 320871  |d 320869 
952 |0 0  |1 0  |4 0  |6 351_050000000000000_MEM_1882  |7 0  |8 X  |9 399485  |a FDOBUD  |b FDOBUD  |d 2019-11-22  |i 1025589  |o 351.05 MEM 1882  |p 1025589  |r 2019-11-22  |w 2019-11-22  |y BK_X  |k BUD